000 00517nam a2200217Ia 4500
003 OSt
005 20221005114332.0
006 a|||||r|||| 00| 0
007 ta
008 221004b |||||||| |||| 00| 0 eng d
024 _a115653
037 _cTextual
040 _aCRL
_cCRL
_beng
041 _2eng
_aeng
100 _aRattab Al Ahamad surur
_9625802
245 0 _aArmaan Ghalib
260 _c1973
650 _aURDU LANGUAGE
942 _cTEXL
_2cc
999 _c1030994
_d1030994